000 00544nam a22001937a 4500
003 KOHA_MİRAKIL
005 20251021155757.0
008 251021b tu ||||| |||| 00| 0 tur d
020 _a9789750520242
040 _aTR-AnABB
_btur
_cTR-AnABB
041 _atur
082 _a823.8
_bCON 2016
100 1 _aConrad, Joseph,
245 1 0 _aBatılı gözler altında /
_cJoseph Conrad
260 _aİstanbul :
_bİletişim Yayınları,
_c2016
300 _a417 sayfa ;
_c20 cm
650 0 4 _aİngiliz edebiyatı, roman
942 _2ddc
_cBK
999 _c9169
_d9169
900 _bGizem YORULMAZ